000 00968nam a22002177a 4500
999 _c15443
_d15443
003 AR-CdUCM
008 190427b ||||| |||| 00| spa d
020 _a9972-691-58-6
040 _aMUNICIPALIDAD PROVINCIAL DEL CUSCO
_cBIBLIOTECA MUNICIPAL DEL CUSCO
082 _a363.82 /
_bN98
110 _aCharles Léopold Mayer.
_934516
245 _aNutrición y políticas públicas :
_bPropuestas para un nuevo enfoque de las problemáticas alimentarias /
260 _aCusco :
_bCharles Léopold Mayer,
_c2003.
300 _a106 páginas ;
_c17 cm.
440 _aSerie gobernancia y ciudadanía.
_n5
_934517
505 _aContenido :La elaboración del presente volumen -- Fundamentos de un nuevo enfoque sobre nutrición pública -- Problemas nutricionales, persistentes o emergentes -- El marco de un enfoque en materia de nutrición ...
650 _aNutrición.
_92384
650 _aPolítica nutricional.
_923899
942 _2ddc
_cLIBROS
945 _arum
_d2019-04-27